000
00334nam a2200145Ia 4500
008
191201s2004 xx 000 0 und d
082
_a
746.92
_b
EAF
100
_a
EASEY, Mike
245
0
_a
Fashion Marketing
250
_a
2nd
260
_a
N.Delhi
_b
Om book Service
_c
2004
300
_a
196
650
_a
B.Tech(TE)
942
_2
ddc
_c
BK
999
_c
2336
_d
2336